Quizzes
Events
Quiz Creation
Community
Videos
Private Events
Remove Ads
Sign In
Join for FREE
Feedback
Dark Mode
Quiz Categories
Sports
Geography
Music
Movies
Television
Just For Fun
Miscellaneous
History
Literature
Language
Science
Gaming
Entertainment
Religion
Holiday
For Kids
Quiz Lab
Recent
Popular Today
Quiz Kudos Today
Editor Picks
Curator Picks
Quizzes by...
Day
Popularity
Type
Ratings
Length
Year
Community
Subscriptions
Recent Discussions
Orange Saloon
Badges
Playlists
Quests
Create
Leaderboards
Showdown
Live 5
Trivia Bingo
Activity
Puzzle Library
Sporcle Events
Private Events
Virtual Trivia
Globe League
Become a Host
Pub Owners
SporcleCon
Opinionation
Our Games
Videos
Blog
Mobile Apps
Partnerships
Remove Ads and Go Orange
Feedback
Sports
Athletes
MLB
NBA
NHL
NFL
Soccer
Sports Teams
WWE
NCAA
Football
Premier League
Basketball
Baseball
Hockey
Golf
Tennis
Cricket
Rugby
Auto Racing
Olympics
World Cup
Sports
Athletes
MLB
NBA
NHL
NFL
Soccer
Sports Teams
WWE
NCAA
Football
Premier League
Basketball
Baseball
Hockey
Golf
Tennis
Cricket
Rugby
Auto Racing
Olympics
World Cup
Random Quiz
Search Sporcle
×
Quiz Lab
Quiz Lab
Sports
College
Type in answers that appear in a list
Type in answers that appear in a list
Classic
Best Score? Go Orange.
NFL First Round Draft Picks By Team 2014 Stats
Can you name the NFL Top 10 Draft Picks By College 2014
By
gjumbomlb
5m
32 Questions
68 Plays
68 Plays
68 Plays
Comments
Comments
Give Quiz Kudos
Give Quiz Kudos
-
- Ratings
hide this ad
Forced Order
Answers have to be entered in order
Answers have to be entered in order
Replay
Link that replays current quiz
Next Quiz
Link to next quiz in quiz playlist
You Got
0%
They Got
Avg Score
55%
Avg Friend Score
Upgrade to see
Score Distribution
Jump to the score distribution portion of the page
Score
0/32
Timer
05:00
0
Plays Today
Hint
Answer
% Correct
Houston Texans
Jadeveon Clowney
97.1%
St. Louis Rams
Greg Robinson
88.2%
Jacksonville Jaguars
Blake Bortles
88.2%
Buffalo Bills
Sammy Watkins
88.2%
Oakland Raiders
Khalil Mack
86.8%
Tampa Bay Buccaneers
Mike Evans
82.4%
Atlanta Falcons
Jake Matthews
76.5%
New York Giants
Odell Beckham
72.1%
Cleveland Browns
Justin Gilbert
67.6%
Minnesota Vikings
Anthony Barr
67.6%
Detroit Lions
Eric Ebron
66.2%
Tennessee Titans
Taylor Lewan
57.4%
St. Louis Rams
Aaron Donald
55.9%
Dallas Cowboys
Zack Martin
55.9%
Cleveland Browns
Johnny Manziel
54.4%
Chicago Bears
Kyle Fuller
52.9%
Hint
Answer
% Correct
Minnesota Vikings
Teddy Bridgewater
52.9%
Pittsburgh Steelers
Ryan Shazier
51.5%
New Orleans Saints
Brandin Cooks
50%
New York Jets
Calvin Pryor
48.5%
Green Bay Packers
Ha Ha Clinton-Dix
42.6%
Carolina Panthers
Kelvin Benjamin
41.2%
Baltimore Ravens
C.J Mosely
36.8%
Miami Dolphins
Ja'Wuan James
35.3%
Cincinnati Bengals
Darqueze Dennard
35.3%
Kansas City Chiefs
Dee Ford
33.8%
Denver Broncos
Bradley Roby
33.8%
San Diego Chargers
Jason Verrett
32.4%
New England Patriots
Dominique Easley
30.9%
San Francisco 49ers
Jimmy Ward
30.9%
Arizona Cardinals
Deone Bucannon
26.5%
Philadelphia Eagles
Marcus Smith
25%
Quiz Playlist
Details
Report
Send in Message
Add To Playlist
Classic:
Type in answers that appear in a list
Forced Order:
Answers have to be entered in order
Last Updated: Feb 16, 2017
Quiz Scoreboard
CHALLENGE
Sign Up to Join the Scoreboard
Show All
Scores
Hide
Comments
May contain spoilers
Recently Published
Decade Duel: World Leaders
by jenniferyan
History
4m
Alphabetical 'K' Countries by Flag Minefield
by ylime102
Geography
3m
Pick 6: Fruits
by JohnFran
Miscellaneous
15s
More to Explore
Quiz From the Vault
Featured Blog Post
15 Basketball Trivia Facts You Can Be March Mad About
hide this ad
You Might Also Like...
Tags
College Quiz
NFL Quiz
2014
Draft
Draft Picks
round
team
Top 10
Today's Top Quizzes in Sports
Browse Sports
hide this ad
Today's Top Quizzes in College
Browse College
Top Contributed Quizzes in Sports
1
Les joueurs à 100 buts en Ligue 1 Uber Eats
2
2022 World Cup Stars
3
Pick 6: NFL Teams
4
MLB 2 truths and a lie: Hall of Fame pitchers
5
Pick 6: Minor League Baseball
6
Millionaire: NBA Finals Edition
7
Pick 6: Olympics
8
Click the 1998 NBA Draft
9
Criteria MLB: Left Handed Sluggers
10
NBA Logic Puzzle 2.0
Explore More
Trending Topics
Crossword
NBA
Marvel
Disney
Harry Potter
Anime
Kpop
Puzzle
WWE
NFL
The Office
Song
Soccer
Pokémon
Country
hide this ad
More By:
gjumbomlb
Quiz
Plays
Rating
Category
Featured
Created
San Francisco Giants Primary Player By Position 2014
233
1.33
Sports
May 5, 2014
NFL First Round Draft Picks By Team 2014
68
1.00
Sports
May 9, 2014
Go to Creator's Profile
Score Distribution
Quiz Creator Spotlight
gjumbomlb
Follow
Send a Message
Quizzes Created
-
Created Quiz Play Count
-
More By This Creator
Popular Quizzes Today
1
Countries of Asia Without Outlines Minefield
2
Find the US States - No Outlines Minefield
3
Pick 6: Fruits
4
The Countries of the World
5
Alphabetical 'K' Countries by Flag Minefield
6
Find the Countries of Europe - No Outlines Minefield
7
US States
8
Find the US States
More Sports Quizzes
Anything but the 500 HR Club
Published
Trending Quizzes
Pick 6: Mountains
Pick 6: Harry Potter
Pick 6: Flags
Pick 6: NFL Teams
Pick 6: Movie Franchises
Recently Updated
Adaptations: Name the Title
pecheneg
NWSL Teams
pecheneg
Women's Final Four Teams by Year
bhenderson79
Presidents Quartet II
eogle
Anything But Clue(do)
eogle
Anything But Oceanian Capitals
eogle
Anything But 7
eogle
Anything But Thing
eogle
Word Ladder: February 29
pecheneg
Song Title Questions
pecheneg
Trending Topics
Disney
NBA
Anime
Crossword
Harry Potter
Marvel
Kpop
Pokémon
Puzzle
NFL
The Office
Song
Soccer
WWE
Country
Your Account Isn't Verified!
In order to create a playlist on Sporcle, you need to verify the email address you used during registration. Go to your
Sporcle Settings
to finish the process.
Report this User
Report this user for behavior that violates our
Community Guidelines
.
Details:
Send Report
Go to the Sporcle.com Mobile Site →
Comments